| 000 | 00607cam a2200217 a 4500 | ||
|---|---|---|---|
| 001 | 898033 | ||
| 005 | 20171226075803.0 | ||
| 008 | 810511s1982 njua b 001 0 eng | ||
| 010 | _a 81008515 | ||
| 020 | _a0131716603 | ||
| 040 |
_aDLC _cDLC _dDLC |
||
| 041 | _aeng | ||
| 080 | _a658.151 SAT | ||
| 082 | 0 | 0 |
_a658.151 SAT _219 |
| 100 | 1 | _a53 | |
| 101 | _aMEN | ||
| 245 | 1 | 0 |
_aController involvement in management / _cVijay Sathe ; with the research assistance of Srinivasan Umapathy. |
| 504 | _aBibliography: p. 177-182. | ||
| 906 |
_a7 _bcbc _corignew _d1 _eocip _f19 _gy-gencatlg |
||
| 942 |
_2ddc _cBK |
||
| 999 |
_c39414 _d39414 |
||